Revista jurd̕ica

Detalles Bibliográficos
Autor Corporativo: Universidad Autn̤oma de Madrid. Facultad de Derecho
Formato: Desconocido
Lenguaje:español
Publicado: Madrid : Dykinson,
Materias:
Acceso en línea:Acceso restringido

MARC

LEADER 00000ny a22000003n 4500
005 20110509123759.0
008 021115c19999999sp fr p s 0 b0spa
022 |a 1575-720x 
035 |a 2210 
040 |a SpMaUCDE  |d UMA.RE  |d vlex 
080 |a 34(051)(0.034) 
090 |c 1442  |d 1442 
130 0 |a Revista Jurd̕ica (Universidad Autn̤oma de Madrid) 
245 0 0 |a Revista jurd̕ica  |h [Recurso electrn̤ico]  |c Universidad Autn̤oma de Madrid 
246 3 3 |a Revista jurd̕ica de estudiantes 
246 3 3 |a Revista Jurd̕ica de la UAM 
246 3 3 |a Revista jurd̕ica de la Universidad Autn̤oma de Madrid 
246 3 3 |a RJUAM 
256 |a Servicio en ln̕ea 
260 |a Madrid :  |b Dykinson, 
310 |a Semestral 
506 1 |a Contenido solo disponible en los productos indicados  |d vLex Global  |d vLex Global (Academic Edition, excluding Law Schools)  |d vLex Global (U.S. Academic Edition, Law Schools)  |d vLex Global (U.S. Academic Edition, excluding Law Schools)  |d vLex Global (Academic Edition, Law Schools) 
650 0 7 |a Civil  |2 Tesauro vLex 
650 0 7 |a Administrativo  |2 Tesauro vLex 
650 0 7 |2 Tesauro vLex  |a Concursos 
650 0 7 |2 Tesauro vLex  |a Constitucional 
650 0 7 |2 Tesauro vLex  |a Inmobiliario y registral 
650 0 7 |2 Tesauro vLex  |a Laboral 
650 0 7 |2 Tesauro vLex  |a Mercantil 
650 0 7 |2 Tesauro vLex  |a Penal 
650 0 7 |2 Tesauro vLex  |a Procesal 
650 0 7 |2 Tesauro vLex  |a Societario 
650 0 7 |2 Tesauro vLex  |a Sucesorio 
650 0 7 |a Historia del derecho 
710 2 |a Universidad Autn̤oma de Madrid.  |b Facultad de Derecho 
740 0 |a vLex Revista (Servicios en ln̕ea) 
853 |8 1  |i (year)  |j (month)  |k (day) 
856 4 0 |u http://vlex.com/source/revista-juridica-universidad-autonoma-madrid-2210  |z Acceso restringido 
942 |c REV